000 00702nam a2200229Ia 4500
003 GCL
008 140319s9999 xx 000 0 eng d
020 _a0521591155
040 _aGCL /
_cGCL
082 0 4 _aCC
_b962.02088355
_bP M
100 1 _aPHILIPP, THOMAS
245 1 0 _aTHE MAMLUKS IN EGYPTIAN POLITICS AND SOCIETY /
_cPHILIPP, THOMAS
700 1 _aHAARMANN, ULRICH
250 _aFIRST
260 _aانجلترا :
_bCAMBRIDGE UNIVERSITY PRESS ،
_c1998
300 _a306 P
_bILL., MAPS ؛
_c24 cm.
490 _aCAMBRIDGE STUDIES IN ISLAMIC CIVLIZATION
_v0
650 0 4 _aMAMELUKE
650 0 4 _aEGYPT - HISTORY - 1250 - 1517
650 0 4 _aEGYPT - HISTORY - 1517 - 1882
942 _2ddc
_cBK
999 _c2108
_d2108